Priest Vol #16 /

As the deadly massacre by the Order of St. Vertinez rushes on in extreme fury, Dudley charges all villagers to defend Windtale with their lives. But is it already too late for them to escape the wrath of the Order? Vengeance may taste sweet, but it will be Coburn who must take a sip if the residents...

Full description

Bibliographic Details
Corporate Author: Library Pass, LLC
Other Authors: Hyung, Min-Woo (writer.)
Format: eBook
Language:English
Published: [United States] : Tokyopop, 2020.
Subjects:
Online Access:Connect to this electronic book (First time users create your free account)

MARC

Tag First Indicator Second Indicator Subfields
LEADER 00000nmm a22000001a 4500
001 in00004611607
006 m|||||o||m||||||||
007 cr|cn |||uuuuu
008 221118s2020 xxu||||eo|||| ||||||eng d
005 20221207213628.0
035 |a (TxWaIVM)IV78199ToPr 
040 |a TxWaIVM  |c TxWaIVM 
245 0 0 |a Priest Vol #16 /  |c powered by Library Pass. 
260 3 |a [United States] :  |b Tokyopop,  |c 2020. 
300 |a 1 online resource. 
336 |a text  |b txt  |2 rdacontent 
337 |a computer  |b c  |2 rdamedia 
338 |a online resource  |b cr  |2 rdacarrier 
520 |a As the deadly massacre by the Order of St. Vertinez rushes on in extreme fury, Dudley charges all villagers to defend Windtale with their lives. But is it already too late for them to escape the wrath of the Order? Vengeance may taste sweet, but it will be Coburn who must take a sip if the residents of Windtale are to escape with their lives... and souls. 
521 |a 3 
538 |a Requires a valid library card and registration for new users. 
538 |a Mode of access: World Wide Web. 
538 |a System requirements: Flash 10.1 or higher, Windows XP and higher, Internet Explorer 7 and higher, Firefox 3.6 and higher, Google Chrome; Max OS 10.5 and higher, Safari 4 and higher. 
650 0 |a Comic books, strips, etc. 
655 7 |a Electronic books.  |2 local 
655 7 |a Comic books, strips, etc.  |2 gsafd 
650 0 |a Detective and mystery comic books, strips, etc. 
655 7 |a Detective and mystery comic books, strips, etc.  |2 gsafd 
650 0 |a Dystopian 
655 7 |a Dystopian  |2 gsafd 
650 0 |a Horror comic books, strips, etc. 
655 7 |a Horror comic books, strips, etc.  |2 gsafd 
650 0 |a Comic books, strips, etc. 
655 7 |a Comic books, strips, etc.  |2 gsafd 
650 0 |a Movie & TV 
655 7 |a Movie & TV  |2 gsafd 
650 0 |a Suspense comic books, strips, etc. 
655 7 |a Suspense comic books, strips, etc.  |2 gsafd 
650 0 |a Comic books, strips, etc. --Mythology 
655 7 |a Comic books, strips, etc. --Mythology  |2 gsafd 
650 0 |a Comic books, strips, etc. --Religion 
655 7 |a Comic books, strips, etc. --Religion  |2 gsafd 
650 0 |a Seinen 
655 7 |a Seinen  |2 gsafd 
650 0 |a Fantasy comic books, strips, etc. 
655 7 |a Fantasy comic books, strips, etc.  |2 gsafd 
650 0 |a Western comic books, strips, etc. 
655 7 |a Western comic books, strips, etc.  |2 gsafd 
650 0 |a Fantasy comic books, strips, etc. 
655 7 |a Fantasy comic books, strips, etc.  |2 gsafd 
700 1 |a Hyung, Min-Woo.  |e writer. 
700 1 |a Hyung, Min-Woo.  |e artist. 
710 2 |a Library Pass, LLC. 
856 4 0 |u http://proxy.library.tamu.edu/login?url=https://tamu.librarypass.com/product/com.iversecomics.tokyopop.priest.vol.sixteen.english.06092020  |z Connect to this electronic book (First time users create your free account)  |t 0 
955 |a Comics Plus. 
999 f f |s caacc14f-636b-4f15-be23-fff3dfb0177e  |i 98e97863-cfc0-4f00-8338-1aff1e42cc30  |t 0 
952 f f |a Texas A&M University  |b College Station  |c Electronic Resources  |d Available Online  |t 0  |h Library of Congress classification 
998 f f |t 0  |l Available Online